| 000 | 05805cam a22005654i 4500 | ||
|---|---|---|---|
| 003 | PE-LiUPU | ||
| 005 | 20250731173045.0 | ||
| 008 | 120206s2012 miu r 000 0 eng d | ||
| 020 |
_a9780310492542 _q(softcover ; _qalk. paper) |
||
| 035 | _a(Sirsi) i9780310492542 | ||
| 035 |
_a(OCoLC)775897967 _z(OCoLC)783138074 _z(OCoLC)823520890 |
||
| 040 |
_aDLC _bspa _cDLC _dBTCTA _dOCLCO _dITU _dYDXCP _dIG# _dVLB _dOCLCA _dCVN _dOCLCA _dTUU _dRCT _dOCLCQ _dPE-LiUPU _erda |
||
| 049 | _aPRUA | ||
| 050 | 0 | 0 |
_aBS1938 _b.D48 2012 |
| 082 | 0 | 0 |
_a242.5 _bD6 _223 |
| 245 | 0 | 0 |
_aDevotions on the Greek New Testament : _b52 reflections to inspire & instruct / _cJ. Scott Duvall & Verlyn D. Verbrugge, editors. |
| 264 | 1 |
_aGrand Rapids, Michigan : _bZondervan, _c[2012]. |
|
| 300 |
_a154 páginas ; _c21 centímetros |
||
| 336 |
_atext _2rdacontent |
||
| 337 |
_aunmediated _2rdamedia |
||
| 338 |
_avolume _2rdacarrier |
||
| 505 | 0 | _aMatthew 1:19 Learning from Joseph's righteousness / Roy E. Ciampa -- Matthew 4:23; 9:35; 10:1,7 Extending Jesus / Scot McKnight -- Matthew 5:17-20 Jesus and the law and prophets / Scot McKnight -- Matthew 28:19-20A The great commission / Craig L. Blomberg -- Mark 1:24 Holy one of God / Gary Manning, Jr. -- Mark 2:3-5A Jesus heals the paralytic / David Wallace -- Mark 5:25-27 Discovering the main verb / Dean Deppe -- Luke 2:4-5 Mary and Joseph travel to Bethlehem / Verlyn D. Verbrugge -- Luke 18:9-14 Whose righteousness? / J. Scott Duvall -- Luke 23:34 A close-up view of forgiveness / Max J. Lee -- John 1:3, 17 ***** in John 1:1-18 / Edward W. Klink III -- John I:50-51 You and you / Dean Deppe -- John 11:38 Jesus get angry at death -- John 13:4 Taking up the cross / Matt Williams -- John 15:2-3 Play on words / William D. Mounce -- Acts 5:38-39 Conditional clauses matter / Darrell L. Bock -- Acts 20:22 Paul: bound in the spirit for Jerusalem / Mark W. Wilson -- Acts 26:14 Kicking against the goads / Ben Witherington III -- Romans 1:17 Paul's (often-missed) pointer to an Old Testament text / Roy E. Ciampa -- Romans 5:1 Peace with God / Gary M. Burge -- Romans 8:28 God and human tragedy / Craig L. Blomberg -- 1 Corinthians 3:17A God will destroy temple destroyers? / Keith Krell -- 1 Corinthians 6:11 The way some of us were / Paul Jackson -- 1 Corinthians 12:7 Why is the body of Christ important? / Michelle Lee-Barnewall -- 2 Corinthians 5: 16-17 All things new / Linda Belleville -- Galations 1:3-5 The gospel in Galations / J.R. Dodson -- Galations 3:8 God's promise to bless all nations / Mark Strauss -- Ephesians 2:19-22 The ouv-mirror of Christian salvation and Christian unity / Constantine R. Campbell -- Ephesians 5:18-22 Being filled with the spirit / David L. Mathewson -- Philippians 1:12 Knowing Christ more / David Wallace -- Philippians 2:5 The complete work of Christ / Lynn H. Cohick -- Philippians 3:7-8 One-upmanship / J.R. Dodson -- Philippians 3:20-21 Conformed to Christ / Lynn H. Cohick -- Colossians 1:24-26 Redemptive suffering and the mystery revealed / David M. Morgan -- Colossians 3:4 Christ, your life / Gary Manning, Jr. -- 1 Thessalonians 5:19-20 Quench or extinguish: what are we not supposed to do to the spirit? / Mark W. Wilson -- 2 Thessalonians 2:11-14 Behind the scenes / David M. Morgan -- 1 Timothy 6:17-19 Investments for abundant life / Linda Belleville -- 2 Timothy 1:12B Guarding the deposit / Verlyn D. Verbrugge -- 2 Timothy 3:16 All scripture / C. Marvin Pate -- Titus 2:11-14 What makes you tick? / Joel Willitts and Jameson Ross -- Philemon 10-11, 20 Persuasive puns / Kenneth Berding -- Hebrews 1:1-2A The miracle of God's speaking to us / George Guthrie -- Hebrews 10:24-25 Consider whom? Keith Krell -- James 1:5-8 How to ask for wisdom / Alan S. Bandy -- 1 Peter 1:7 The testing of faith / Constantine R. Campbell -- 2 Peter 1:5-8 Hint: He's hiding in the subject / Joel Willitts and Jameson Ross -- 1 John 3:6, 9; 5:18 Can a Christian be free from sin? Gary M. Burge -- Jude 3 Fight for the faith / William D. Mounce -- Revelation 1:4 The one who is, the one who was, and the one who is coming / Alan S. Bandy -- Revelation 2:20 When forgiveness is a sin / Max J. Lee -- Revelation 5:7 Focusing attention on Christ / David L. Mathewson. | |
| 520 | _aThe main point for each devotion in this book comes from a careful reading of a passage in the Greek New Testament, not from reading an English translation. The authors use a variety of exegetical approaches in these 52 devotions - grammatical, lexical, rhetorical, sociohistorical, and linguistic - and each devotion closes with a practical application. --from back cover. | ||
| 526 | _aSEG42 | ||
| 526 | _aSEG41 | ||
| 526 | _aSEG40 | ||
| 526 | _aSEG39 | ||
| 526 | _aP94 | ||
| 526 | _aP87 | ||
| 526 | _aP86 | ||
| 526 | _aP85 | ||
| 526 | _aP77 | ||
| 526 | _aP76 | ||
| 526 | _aP35 | ||
| 630 | 0 | 0 |
_aBible. _pNew Testament. _lGreek _vMeditations. |
| 630 | 0 | 0 |
_aBible. _pNew Testament. _lGreek _xVersions. |
| 630 | 0 | 0 |
_aBible. _pNew Testament _vMeditations. |
| 630 | 0 | 0 |
_aBiblia. _pNuevo Testamento. _lGriego _vMeditaciones. |
| 630 | 0 | 0 |
_aBiblia. _pNuevo Testamento. _lGriego _xVersiones. |
| 630 | 0 | 0 |
_aBiblia. _pNuevo Testamento _vMeditaciones. |
| 700 | 1 |
_aDuvall, J. Scott, _eeditor. |
|
| 700 | 1 |
_aVerbrugge, Verlyn D., _eeditor. |
|
| 910 |
_adbm _bjck _cjck _d20171204 |
||
| 942 |
_2ddc _cBOOK |
||
| 949 |
_a242.5 D6 _wDEWEY _c1 _i77323 _lCATALOGING _mBUL _p10.19 _r0 _sY _tBOOK _u2017-12-12 _xPOSGRADO _PP85 _0DONACION _o.STAFF. Colección Teología |
||
| 994 |
_aC0 _bPEPRU |
||
| 596 | _a1 | ||
| 999 |
_a242.5 D6 _wDEWEY _c26449 _i77323 _f2021-11-10 _g4 _lCCODEBUL1 _mBUL _p10.19 _r0 _sY _tBOOK _u2017-12-12 _xTEOLOGIA _PP85 _0DONACION _o.STAFF. Colección Teología _d26449 |
||
| 980 |
_81 _gALBERTO SANCHEZ Responsable de Automatización |
||